|
|
|
|
| LEADER |
00000cam a2200000 7i4500 |
| 001 |
0000007320 |
| 005 |
20151222.0 |
| 008 |
070829 |
| 020 |
|
|
|a 9676112798
|
| 090 |
0 |
0 |
|a JF
|b SC MAL (8577)
|
| 245 |
1 |
0 |
|a Marikh jiran misteri
|c Samsuddin Othman
|
| 260 |
|
|
|a Kuala Lumpur :
|b Utusan Publications & Distibutors ,
|c 2004
|
| 440 |
|
|
|a Siri Planet kita
|
| 500 |
|
|
|a Children ages 7-9 years old (orange)
|
| 650 |
|
0 |
|a Malay language
|x Readers
|x Planets
|
| 650 |
|
0 |
|a Planets
|x Juvenile literature
|
| 999 |
|
|
|a 0000814926
|b Book
|c Children Collection
|e Cawangan Mersing
|
| 999 |
|
|
|a 0000814934
|b Book
|c Children Collection
|e Cawangan Bandar Penawar
|
| 999 |
|
|
|a 0000814935
|b Book
|c Children Collection
|e Cawangan Tmn. Ungku Tun Aminah
|
| 999 |
|
|
|a 0000814940
|b Book
|c Children Collection
|e Cawangan Pontian
|
| 999 |
|
|
|a 0000814945
|b Book
|c Children Collection
|e Cawangan Segamat
|
| 999 |
|
|
|a 0000990012
|b Book
|c Children Collection
|e Perbadanan Perpustakaan Awam Johor
|
| 999 |
|
|
|a 0000990013
|b Book
|c Children Collection
|e Perbadanan Perpustakaan Awam Johor
|
| 999 |
|
|
|a 0000990014
|b Book
|c Children Collection
|e Perbadanan Perpustakaan Awam Johor
|